Statistiques concernant Pays du Monde commençant par 2 voyelles

Cliquez ici pour prendre le quiz!

Statistiques générales

  • Ce quiz a été pris 341 fois
  • Le résultat moyen est 4 sur 5

Statistiques - réponses

Answer % Correct
Australie
96%
Autriche
89%
Ouganda
85%
Yémen
81%
Ouzbékistan
78%

Distribution des résultats

Percentile by Number Answered

% des personnes avec chaque résultat

Votre développement - résultats

Vous n’avez pas pris ce quiz